| 000 | 01098cam a2200313 i 4500 | ||
|---|---|---|---|
| 001 | 000014042 | ||
| 003 | DO-SdBNP | ||
| 005 | 20250613130408.0 | ||
| 007 | ta | ||
| 008 | 040420s1970 pr a b 001 0 spa d | ||
| 040 |
_aDO-SdBNP _bspa _cBNPHU _erda |
||
| 082 |
_a306.362097295 _bD542h, 1970 _222 |
||
| 100 | 1 |
_aDíaz Soler, Luis M., _d1916-2009. _eautor _931807 |
|
| 245 | 1 | 0 |
_aHistoria de la esclavitud negra en Puerto Rico / _cLuis M. Diaz Soler. |
| 250 | _a3a edición | ||
| 264 |
_aSan Juan, Puerto Rico : _bUniversidad de Puerto Rico, _c1970. |
||
| 300 |
_a439 páginas : _bilustraciones ; _c23 cm. |
||
| 336 |
_ardacontent _btexto _2txt |
||
| 337 |
_ardamedia _bsin mediación _2n |
||
| 338 |
_ardacarrier _bvolumen _2nc |
||
| 504 | _aIncluye bibliografía: (p. 403-420) e índice. | ||
| 504 | _aincluye referencias bibliográficas y notas al pie de las páginas. | ||
| 590 | _aInventariado, 2024/DG | ||
| 650 | 4 |
_aEsclavitud _zPuerto Rico _xHistoria _931808 |
|
| 650 | 4 |
_aNegros _zPuerto Rico _xHistoria _931809 |
|
| 650 | 0 |
_aTrata de esclavos _921366 |
|
| 910 | _aDG | ||
| 942 |
_2ddc _cLBS1 |
||
| 999 |
_c13644 _d13644 |
||